000 00650nam a2200181Ia 4500
003 GCL
008 140319s9999 xx 000 0 ara d
040 _aGCL /
_cGCL
082 0 4 _a618.9209
_bم ط
100 1 _aمحمد نبيل النشوانى
245 1 0 _aالطفل المثالى: تربيته وتنشئته ونموه والعناية به فى الصحة والمرض - امراض وتشوهات الاطفال /
_cمحمد نبيل النشوانى
300 _a352 ص
490 _a
650 0 4 _aالاطفال - الامراض
650 0 4 _aعيوب وتشوهات
650 0 4 _aالتشوهات الخلقية
942 _2ddc
_cBK
999 _c38512
_d38512